Violencia social y movilidad humana: El caso de la cultura vial costarricense /
Salvato in:
| Autore principale: | |
|---|---|
| Natura: | testo |
| Tags: |
Aggiungi Tag
Nessun Tag, puoi essere il primo ad aggiungerne!!
|
MARC
| LEADER | 00000 a a2200000 04500 | ||
|---|---|---|---|
| 001 | 41035 | ||
| 003 | |||
| 040 | |||
| 100 | |a Sánchez Lovell, Adriana | ||
| 245 | |a Violencia social y movilidad humana: |b El caso de la cultura vial costarricense / |c Adriana Sánchez Lovell | ||
| 773 | |g número1 ( , 2009), 535-544 | ||
| 999 | |c 33628 |d 33628 | ||
